Living our dying (Record no. 83966)

MARC details
000 -LEADER
fixed length control field 00773 a2200253 4500
003 - CONTROL NUMBER IDENTIFIER
control field CBULib
005 - DATE AND TIME OF LATEST TRANSACTION
control field 20240129072257.0
008 - FIXED-LENGTH DATA ELEMENTS--GENERAL INFORMATION
fixed length control field 240129b |||||||| |||| 00| 0 eng d
020 ## - INTERNATIONAL STANDARD BOOK NUMBER
International Standard Book Number 9781919628639
040 ## - CATALOGING SOURCE
Language of cataloging English
Transcribing agency CBULib
Description conventions rda
050 ## - LIBRARY OF CONGRESS CALL NUMBER
Classification number BL 625.9 Liv
100 ## - MAIN ENTRY--PERSONAL NAME
Personal name Butler, Larry
9 (RLIN) 2185
245 ## - TITLE STATEMENT
Title Living our dying
Statement of responsibility, etc / edited by Larry Butler and Sheila Templeton
260 ## - PUBLICATION, DISTRIBUTION, ETC. (IMPRINT)
Name of publisher, distributor, etc Rymour Books,
Date of publication, distribution, etc 2021.
Place of publication, distribution, etc Perth :
300 ## - PHYSICAL DESCRIPTION
Extent 194 pages : illustrations
336 ## - CONTENT TYPE
Source rdacontent
Content type term Text |
Content type code txt
337 ## - MEDIA TYPE
Source rdamedia
Media type term Unmediated |
Media type code n
338 ## - CARRIER TYPE
Source rdacarrier
Carrier type term Volume
Carrier type code nc
650 #0 - SUBJECT ADDED ENTRY--TOPICAL TERM
9 (RLIN) 2186
Topical term or geographic name as entry element MORTALITY
650 #0 - SUBJECT ADDED ENTRY--TOPICAL TERM
9 (RLIN) 2187
Topical term or geographic name as entry element DEATH--PSYCHOLOGICAL ASPECTS
650 #0 - SUBJECT ADDED ENTRY--TOPICAL TERM
9 (RLIN) 2188
Topical term or geographic name as entry element DEATH--RELIGIOUS ASPECTS
700 ## - ADDED ENTRY--PERSONAL NAME
9 (RLIN) 2189
Personal name Templeton, Sheila
942 ## - ADDED ENTRY ELEMENTS (KOHA)
Source of classification or shelving scheme
Koha item type MONOGRAPH
Holdings
Withdrawn status Lost status Source of classification or shelving scheme Damaged status Not for loan Collection code Permanent Location Current Location Shelving location Date acquired Source of acquisition Total Checkouts Full call number Barcode Date last seen Copy number Price effective from Koha item type
          Medical Library Collection CBU-MAIN LIBRARY, KITWE. CBU-MAIN LIBRARY, KITWE. General Stacks 01/29/2024 Book Aid International   BL 625.9 Liv 905691 01/29/2024 1 01/29/2024 MONOGRAPH